Hindenburg : icon of German militarism /

Bibliographic Details
Main Author: Astore, William J.
Other Authors: Showalter, Dennis E.
Format: Book
Language:English
Published: Washington, D.C. : Potomac Books, [2005]
Edition:1st ed.
Series:Military profiles.
Subjects:

MARC

Tag First Indicator Second Indicator Subfields
LEADER 00000cam a22000004a 4500
001 in00002054708
005 20151101180448.0
008 040608s2005 dcuabcf b 001 0beng
010 |a  2004013454 
020 |a 1574886533 (hardcover : alk. paper) 
020 |a 1574886541 (softcover : alk. paper) 
035 |a (OCoLC)ocm55633585 
040 |a DLC  |c DLC  |d UtOrBLW 
042 |a pcc 
043 |a e-gx--- 
049 |a TXAM 
050 0 0 |a DD231.H5  |b A8 2005 
082 0 0 |a 943.085/092  |a B  |2 22 
100 1 |a Astore, William J. 
245 1 0 |a Hindenburg :  |b icon of German militarism /  |c William J. Astore and Dennis E. Showalter. 
250 |a 1st ed. 
264 1 |a Washington, D.C. :  |b Potomac Books,  |c [2005] 
264 4 |c ©2005 
300 |a xvi, 133 pages, 16 unnumbered pages of plates :  |b illustrations, maps, portraits ;  |c 21 cm. 
336 |a text  |b txt  |2 rdacontent 
337 |a unmediated  |b n  |2 rdamedia 
338 |a volume  |b nc  |2 rdacarrier 
490 1 |a Military profiles 
504 |a Includes bibliographical references (pages 106-125) and index. 
505 0 |a Prewar -- The eastern front, 1914-1916 -- Supreme command, 1916-1917 -- Collapse and catastrophe, 1918 -- Weimar and Hitler. 
600 1 0 |a Hindenburg, Paul von,  |d 1847-1934. 
650 0 |a Presidents  |z Germany  |v Biography. 
650 0 |a Generals  |z Germany  |v Biography. 
650 0 |a Militarism  |z Germany  |x History. 
651 0 |a Germany  |x Politics and government  |y 1871-1933. 
700 1 |a Showalter, Dennis E. 
830 0 |a Military profiles. 
945 |i PromptCat 
947 |a A14831575069 
948 |a cataloged  |b h  |c 2005/6/15  |d c  |e dmitchel  |f 2:10:20 pm 
994 |a 92  |b TXA 
999 |a MARS 
999 f f |s 2f455d59-a9b8-3a91-91f6-f7ad0c1b4e58  |i cb8e83a3-d413-3263-8536-3491de90955d  |t 0 
952 f f |p ric  |a Texas A&M University  |b Rellis Campus  |c Joint Library Facility  |d Remote Storage  |t 0  |e DD231.H5 A8 2005  |h Library of Congress classification  |i unmediated -- volume  |m A14831575069 
998 f f |a DD231.H5 A8 2005  |t 0  |l Remote Storage